PROFESSIONAL ETHICS ACCOUNTANCY FOR LAWYERS AND BENCH BAR RELATION (Record no. 25762)

MARC details
000 -LEADER
fixed length control field 00406nam a22001457a 4500
003 - CONTROL NUMBER IDENTIFIER
control field SGT
020 ## - INTERNATIONAL STANDARD BOOK NUMBER
International Standard Book Number 9789391323523
082 ## - DEWEY DECIMAL CLASSIFICATION NUMBER
Classification number 340.112
Item number GUP
100 ## - MAIN ENTRY--PERSONAL NAME
Personal name GUPTA NEETU
245 ## - TITLE STATEMENT
Title PROFESSIONAL ETHICS ACCOUNTANCY FOR LAWYERS AND BENCH BAR RELATION
Remainder of title INCLUDING CONTEMPT OF COURT ,ADVOCATES ACT
250 ## - EDITION STATEMENT
Edition statement 4
260 ## - PUBLICATION, DISTRIBUTION, ETC. (IMPRINT)
Place of publication, distribution, etc CHANDIGARH
Name of publisher, distributor, etc SHRI RAM LAW HOUSE
Year of Publication 2023
300 ## - PAGE DESCRIPTION
No. of Pages 460
942 ## - ADDED ENTRY ELEMENTS (KOHA)
Source of classification or shelving scheme Dewey Decimal Classification
Koha item type Books
942 ## - ADDED ENTRY ELEMENTS (KOHA)
-- 7
Holdings
Withdrawn status Lost status Source of classification or shelving scheme Damaged status Not for loan Collection code Home library Current library Shelving location Date acquired Vendor Name Cost, normal purchase price SGTU Bill Number Full call number Accession No. (Barcode) Date last seen Bill Date Koha item type Total Checkouts Date last borrowed
    Dewey Decimal Classification   Not For Loan LAW SGT Science & Social Sciences Library SGT Science & Social Sciences Library Reference Book 26/02/2024 COMMERCIAL BOOK HOUSE 925.00 SGTU 2075 340.112 GUP FL3366 26/02/2024 06/02/2024 Books    
    Dewey Decimal Classification     LAW SGT Science & Social Sciences Library SGT Science & Social Sciences Library Text Book 26/02/2024 COMMERCIAL BOOK HOUSE 925.00 SGTU 2075 340.112 GUP FL3367 26/02/2024 06/02/2024 Books    
    Dewey Decimal Classification     LAW SGT Science & Social Sciences Library SGT Science & Social Sciences Library Text Book 26/02/2024 COMMERCIAL BOOK HOUSE 925.00 SGTU 2075 340.112 GUP FL3368 26/02/2024 06/02/2024 Books    
    Dewey Decimal Classification     LAW SGT Science & Social Sciences Library SGT Science & Social Sciences Library Text Book 26/02/2024 COMMERCIAL BOOK HOUSE 925.00 SGTU 2075 340.112 GUP FL3369 27/09/2024 06/02/2024 Books 3 19/09/2024
    Dewey Decimal Classification     LAW SGT Science & Social Sciences Library SGT Science & Social Sciences Library Text Book 26/02/2024 COMMERCIAL BOOK HOUSE 925.00 SGTU 2075 340.112 GUP FL3370 24/10/2024 06/02/2024 Books 4 15/10/2024